Civil engineering (Record no. 542818)
[ view plain ]
| 000 -LEADER | |
|---|---|
| fixed length control field | 00539cam a22001575i 4500 |
| 082 ## - DEWEY DECIMAL CLASSIFICATION NUMBER | |
| Classification number | 624 |
| Author Mark | KHU |
| -- | N-01,P161 |
| 100 ## - MAIN ENTRY--PERSONAL NAME | |
| Personal name | Khurmi, R.S. |
| 9 (RLIN) | 24542 |
| 245 00 - TITLE STATEMENT | |
| Title | Civil engineering |
| Remainder of title | conventional and objective type |
| Statement of responsibility, etc. | Khuhrmi |
| 260 ## - PUBLICATION, DISTRIBUTION, ETC. | |
| Place of publication, distribution, etc. | India. : |
| Name of publisher, distributor, etc. | S. Chand. publishers. |
| Date of publication, distribution, etc. | 1998 |
| 300 ## - PHYSICAL DESCRIPTION | |
| Extent | 4 volumes (xxxviii, 3160 pages) : |
| Other physical details | illustrations (black and white) ; |
| Dimensions | 24 cm. |
| 526 ## - STUDY PROGRAM INFORMATION NOTE | |
| Program name | 0 |
| Interest level | 0 |
| Reading level | 0 |
| Title point value | 624_000000000000000_KHU |
| 526 ## - STUDY PROGRAM INFORMATION NOTE | |
| Program name | 0 |
| Interest level | 1 |
| Reading level | 0 |
| Title point value | 624_000000000000000_KHU |
| 650 ## - SUBJECT ADDED ENTRY--TOPICAL TERM | |
| Topical term or geographic name entry element | MCE |
| 9 (RLIN) | 379 |
| 650 ## - SUBJECT ADDED ENTRY--TOPICAL TERM | |
| Topical term or geographic name entry element | Objective type |
| 9 (RLIN) | 38179 |
| 942 ## - ADDED ENTRY ELEMENTS (KOHA) | |
| Source of classification or shelving scheme | |
| Koha item type | Book |
| Withdrawn status | Lost status | Source of classification or shelving scheme | Damaged status | Not for loan | Permanent Location | Current Location | Date acquired | Total Checkouts | Total Renewals | Full call number | Barcode | Date last seen | Date last checked out | Price effective from | Koha item type |
|---|---|---|---|---|---|---|---|---|---|---|---|---|---|---|---|
| Military College of Engineering (MCE) | Military College of Engineering (MCE) | 02/18/2014 | 7 | 1 | 624 KHU | MCE-39301 | 01/18/2021 | 01/18/2021 | 02/18/2014 | Book | |||||
| Military College of Engineering (MCE) | Military College of Engineering (MCE) | 08/20/2014 | 2 | 624 KHU | MCE-39300 | 07/11/2018 | 07/11/2018 | 08/20/2014 | Book |
